Fundamentos Metodológicos para la exposición histórica de teorías científicas

Guardat en:
Dades bibliogràfiques
Autor principal: Meoño Soto, Rodolfo
Format: Llibre
Idioma:Undetermined
Publicat: San José, Costa Rica Escuela de Filosofía, Universidad de Costa Rica 1982
Matèries:
Etiquetes: Afegir etiqueta
Sense etiquetes, Sigues el primer a etiquetar aquest registre!

MARC

LEADER 00000nam a2200000Ia 4500
008 170316s9999 xx 000 0 und d
040 |a cru BVZT 
090 |a Tesis 254 
100 |a Meoño Soto, Rodolfo 
245 |a Fundamentos Metodológicos para la exposición histórica de teorías científicas 
260 |a San José, Costa Rica 
260 |b Escuela de Filosofía, Universidad de Costa Rica 
260 |c 1982 
300 |a 109 páginas 
650 |a LICENCIATURA EN FILOSOFÍA 
650 |a TRABAJO FINAL DE GRADUACIÓN 
999 |c 13871  |d 13871 
942 |c TFG  |h Tesis 254  |2 z